All NBA Teams - Statistics

General Stats
  • This quiz has been taken 54 times
  • The average score is 22 of 30
Answer Stats
Answer % Correct
Los Angeles Lakers
94%
Philadelphia 76ers
86%
Boston Celtics
83%
Miami Heat
83%
Milwaukee Bucks
83%
Brooklyn Nets
81%
Detroit Pistons
81%
Golden State Warriors
81%
San Antonio Spurs
81%
Los Angeles Clippers
78%
Atlanta Hawks
75%
Denver Nuggets
75%
New York Knicks
75%
Charlotte Hornets
72%
Minnesota Timberwolves
72%
Chicago Bulls
69%
Oklahoma City Thunder
69%
Orlando Magic
69%
Phoenix Suns
69%
Sacramento Kings
69%
Utah Jazz
67%
Cleveland Cavaliers
64%
Dallas Mavericks
64%
Portland Trail Blazers
64%
Washington Wizards
64%
Houston Rockets
61%
Indiana Pacers
61%
New Orleans Pelicans
58%
Toronto Raptors
58%
Memphis Grizzlies
53%
No matching quizzes found
Score Distribution
Percent of People with Each Score
Percentile by Number Answered
Your Score History
You have not taken this quiz